| 000 | 00341nam a2200121Ia 4500 | ||
|---|---|---|---|
| 008 | 220615s9999||||xx |||||||||||||| ||und|| | ||
| 245 | 0 | _aPolypropylene | |
| 546 | _aEnglish[eng] | ||
| 650 | _aPolymer chemistry | ||
| 700 | _aDogan, Fatih | ||
| 856 | _uhttps://mts.intechopen.com/storage/books/1797/authors_book/authors_book.pdf | ||
| 942 | _cEB | ||
| 999 |
_c13471 _d13471 |
||